| 000 | 00649nam a2200241#a 4500 | ||
|---|---|---|---|
| 001 | 00121 | ||
| 003 | HDC | ||
| 007 | ta | ||
| 008 | 230623s2023 xx 000 0 eng d | ||
| 020 | _a9831974832 (pbk.). | ||
| 040 | _aHDC | ||
| 050 |
_aSF 453.5 _b.S27 |
||
| 100 | _aSarwono, B. | ||
| 245 | 0 |
_aPenternakan arnab secara komersial / _cB. Sarwono ; [adaptasi] Noraida Hj. Ilias |
|
| 264 |
_aKuala Lumpur : _bSynergy Media, _c[200?] |
||
| 300 |
_aix, 159p. : _b ill. ; _c 23cm |
||
| 440 | _aKaedah mengatasi masalah secara praktikal | ||
| 650 |
_aRabbits _xBreeding |
||
| 942 | _2lcc | ||
| 942 | _cBK | ||
| 942 | _kSF 453.5 | ||
| 942 | _m.S27 | ||
| 999 |
_c21765 _d21765 |
||